Plan Nacional de Educación : servicios educativos complementarios /
En este texto se da cuenta de los esfuerzos y programas planeados por la SEP para llevar la educación a grupos marginados urbanos y rurales que no han tenido la oportunidad de ingresar a la escuela. La obra se divide en 3 capítulos: educativos para zonas deprimidas y grupos marginados; sistemas abie...
-д хадгалсан:
| Байгууллагын зохиогч: | |
|---|---|
| Формат: | Ном |
| Хэл сонгох: | испани |
| Хэвлэсэн: |
México :
Secretaría de Educación Pública,
1977
|
| Нөхцлүүд: | |
| Шошгууд: |
Шошго байхгүй, Энэхүү баримтыг шошголох эхний хүн болох!
|
MARC
| LEADER | 00000nam^a2200000^a^4500 | ||
|---|---|---|---|
| 001 | 000022657 | ||
| 005 | 20250521000000.0 | ||
| 009 | 20260310084505.754 | ||
| 037 | |a Acervo ITESO - Biblioteca | ||
| 041 | |a ESP | ||
| 082 | |a 320. 972 |b PLA SED 1977-1982 V. 3 | ||
| 110 | |a México. |b Secretaría de Educación Pública | ||
| 240 | 1 | 1 | |a [Plan Nacional de Desarrollo, 1976-1982] |
| 240 | 1 | 1 | |a [Plan Nacional de Educación] |
| 245 | 1 | 0 | |a Plan Nacional de Educación : |b servicios educativos complementarios / |c SEP. |
| 264 | 1 | |a México : |b Secretaría de Educación Pública, |c 1977 | |
| 300 | |a 102 p. | ||
| 336 | |a texto |b txt |2 rdacontenido | ||
| 337 | |a sin mediación |b n |2 rdamedio | ||
| 338 | |a volumen |b nc |2 rdasoporte | ||
| 520 | |a En este texto se da cuenta de los esfuerzos y programas planeados por la SEP para llevar la educación a grupos marginados urbanos y rurales que no han tenido la oportunidad de ingresar a la escuela. La obra se divide en 3 capítulos: educativos para zonas deprimidas y grupos marginados; sistemas abiertos de educación; capacitación para el trabajo. | ||
| 649 | |a XX | ||
| 650 | |a Marginados Sociales - |z México - |x Tema Principal | ||
| 650 | |a Alfabetización - |z México | ||
| 650 | |a Analfabetismo - |z México | ||
| 650 | |a Sector Productivo y Educación - |z México | ||
| 650 | |a Programas Gubernamentales - |z México - |x Tema Principal | ||
| 650 | |a Proyecto Educativo - |z México - |x Tema Principal | ||
| 650 | |a Planeación Educativa - |z México | ||
| 650 | |a Política Educativa - |z México | ||
| 650 | |a Políticas Públicas - |z México | ||
| 650 | |a Administración Pública - |z México - |x Historia - |y 1976-1982 | ||
| 650 | |a Educación y Estado - |z México | ||
| 650 | |a Proyecto Nacional - |z México | ||
| 650 | |a Educación Primaria - |z México - |x Historia - |y 1976-1982 | ||
| 650 | |a Educación Permanente - |z México - |x Historia - |y 1976-1982 | ||
| 650 | |a Educación de Adultos - |z México - |x Historia - |y 1976-1982 | ||
| 650 | |a Educación Pública - |z México - |x Historia - |y 1976-1982 | ||
| 910 | |a Fondo General | ||
| 920 | |a Impresos - Libros | ||
| 930 | |a Colección General | ||
| 905 | |a 101 | ||
| 901 | |a 0226570100 |b IT1 |c ACC |i 022657 |u 20250521 | ||
| 902 | |a https://opac.biblio.iteso.mx/vufind/Record/000022657 | ||